[Event "Shenzhen WGP 2011"]
[Site "Shenzhen CHN"]
[Date "2011.09.17"]
[Round "9"]
[White "Tan Zhongyi"]
[Black "Zhu Chen"]
[Result "1/2-1/2"]
[WhiteElo "2429"]
[BlackElo "2490"]

1.d4 Nf6 2.c4 g6 3.Nf3 Bg7 4.g3 d5 5.Bg2 O-O 6.O-O dxc4 7.Na3 Nc6 8.Nxc4 Be6
9.b3 Qc8 10.Ba3 Rd8 11.e3 Bh3 12.Rc1 Bxg2 13.Kxg2 Qf5 14.Qc2 Ne4 15.Rfd1 e6
16.Ncd2 Nd6 17.Qxf5 Nxf5 18.Ne4 Re8 19.Nc5 Nd8 20.d5 exd5 21.Rxd5 Bf8 22.Bb2 Bxc5
23.Rcxc5 Ne6 24.Rc2 Rad8 25.e4 Ne7 26.Rxd8 Rxd8 27.Bf6 Re8 28.Ne5 Nc8 29.f3 h6
30.Ng4 h5 31.Ne3 Nb6 32.Nd5 Nd7 33.Rd2 Kf8 34.Bb2 Rd8 35.Ba3+ c5 36.Kf2 b6
37.Bb2 Nb8 38.Bf6 Rd7 39.b4 cxb4 40.Rc2 Nc5 41.Nxb4 Rd1 42.Ke2 Rh1 43.Ke3 Nbd7
44.Bd4 f6 45.Nc6 a6 46.Nb4 Re1+ 47.Kd2 Rh1 48.Ke3 Re1+ 49.Kd2 Rh1 50.Ke3  1/2-1/2

[Event "Shenzhen WGP 2011"]
[Site "Shenzhen CHN"]
[Date "2011.09.18"]
[Round "10"]
[White "Zhu Chen"]
[Black "Munguntuul,B"]
[Result "0-1"]
[WhiteElo "2490"]
[BlackElo "2465"]

1.d4 d5 2.c4 c6 3.Nf3 Nf6 4.Nc3 e6 5.Bg5 h6 6.Bh4 dxc4 7.e4 g5 8.Bg3 b5 9.Be2 Bb7
10.Qc2 Nbd7 11.Rd1 Qb6 12.Ne5 Bg7 13.Nxf7 Kxf7 14.e5 Rhd8 15.exf6 Nxf6 16.Be5 c5
17.Bxf6 Bxf6 18.Bh5+ Kg8 19.Qg6+ Bg7 20.dxc5 Rxd1+ 21.Nxd1 Qa5+ 22.Kf1 Bd5
23.h4 Qd2 24.Rh3 gxh4 25.Bg4 Rf8 26.c6 Kh8 27.Rxh4 b4 28.Be2 c3 29.Rg4 Be5
30.bxc3 bxc3 31.Rh4 Bf4 32.Rg4 Bg5 33.Nxc3 Qxc3 34.Kg1 Qc1+ 35.Bf1 Qc5 36.Kh2 Qxf2
37.Bd3 Qf7 38.Ra4 Qxg6 39.Bxg6 Bxc6 40.Rxa7 Rf2 41.Kh3 Bxg2+ 42.Kg3 Rb2 43.a4 Bd5
44.Be8 Rb3+ 45.Kg4 Bf3+ 46.Kg3 Bc6+ 47.Kg4 Rb4+ 48.Kh3 Bxe8 49.Ra8 Kg7 50.Rxe8 Kf6
51.a5 Ra4 52.Ra8 Kf5 53.a6 e5 54.Kg3 Ra3+ 55.Kg2 Ke4 56.Kf1 Bf4 57.Kg2 Ra2+  0-1

[Event "Shenzhen WGP 2011"]
[Site "Shenzhen CHN"]
[Date "2011.09.19"]
[Round "11"]
[White "Cmilyte,V"]
[Black "Zhu Chen"]
[Result "1-0"]
[WhiteElo "2525"]
[BlackElo "2490"]

1.d4 Nf6 2.c4 g6 3.Nc3 d5 4.Bf4 Bg7 5.e3 c5 6.dxc5 Qa5 7.Rc1 dxc4 8.Bxc4 O-O
9.Nf3 Qxc5 10.Bb3 Nc6 11.O-O Qa5 12.h3 Bf5 13.Qe2 Ne4 14.Nd5 e5 15.Bg5 Rae8
16.Bh4 Be6 17.Rfd1 f6 18.Qc2 g5 19.Qxe4 gxh4 20.Qxh4 Kh8 21.e4 Bc8 22.Rd3 f5
23.Ng5 h6 24.Nf4 exf4 25.Rd6 Be6 26.Nxe6 Qe5 27.Nxg7 Qxd6 28.Nxe8 Rxe8 29.Rd1 Qg6
30.exf5 Qg5 31.Qxg5 hxg5 32.Rd6 Re1+ 33.Kh2 Ne5 34.f6 g4 35.f7 Kg7 36.Rd8  1-0

[Event "16th ECC w"]
[Site "Rogaska Slatina SLO"]
[Date "2011.09.25"]
[Round "1"]
[White "Zhu Chen"]
[Black "Zimina,O"]
[Result "1/2-1/2"]
[WhiteElo "2490"]
[BlackElo "2337"]

1.d4 d5 2.Nf3 c6 3.c4 Nf6 4.Qc2 e6 5.Bg5 h6 6.Bh4 dxc4 7.Qxc4 b5 8.Qd3 Bb7
9.Nbd2 Nbd7 10.e4 a6 11.e5 g5 12.Nxg5 hxg5 13.Bxg5 Qb6 14.exf6 O-O-O 15.Nb3 c5
16.dxc5 Nxc5 17.Qc3 b4 18.Qe3 Kb8 19.Rc1 Rc8 20.h4 a5 21.Rd1 Bd5 22.Bc4 Bxc4
23.Qf4+ e5 24.Qxc4 Ne6 25.Qe2 a4 26.Qxe5+ Qc7 27.Qb5+ Qb7 28.Qe5+ Qc7 29.Qxc7+ Kxc7
30.Rh3 axb3 31.axb3 Bh6 32.Rc1+ Kb7 33.Rxc8 Kxc8 34.Rg3 Bxg5 35.hxg5 Rg8
36.Rg4 Rxg5 37.Rc4+ Kd7 38.g3 Nc5 39.f4 Rd5 40.Ke2 Nd3 41.g4 Ke6 42.Rc6+ Kd7
43.Rc4 Ke6 44.Rc6+ Kd7 45.Rc4 Ke6  1/2-1/2

[Event "16th ECC w"]
[Site "Rogaska Slatina SLO"]
[Date "2011.09.26"]
[Round "2.2"]
[White "Khachatourian,Y"]
[Black "Zhu Chen"]
[Result "0-1"]
[WhiteElo "1967"]
[BlackElo "2490"]

1.e4 c5 2.Nf3 d6 3.d4 cxd4 4.Nxd4 Nf6 5.Nc3 a6 6.Bg5 e6 7.f4 Be7 8.Qf3 Qc7
9.O-O-O Nc6 10.Nb3 Bd7 11.Be2 O-O-O 12.Bh4 Kb8 13.Bf2 Bc8 14.Qe3 b5 15.Bf3 Bb7
16.Kb1 Rhe8 17.a3 Nd7 18.Rd3 Nc5 19.Nxc5 dxc5 20.Rhd1 Nd4 21.f5 Bd6 22.g3 exf5
23.Rxd4 cxd4 24.Qxd4 Bc6 25.Qxg7 fxe4 26.Bg4 e3 27.Bg1 f5 28.Qxc7+ Bxc7 29.Rxd8+ Bxd8
30.Be2 Bb6 31.Kc1 f4 32.Bh5 f3  0-1

[Event "16th ECC w"]
[Site "Rogaska Slatina SLO"]
[Date "2011.09.27"]
[Round "3.1"]
[White "Zhu Chen"]
[Black "Romanko,M"]
[Result "1/2-1/2"]
[WhiteElo "2490"]
[BlackElo "2409"]

1.d4 d5 2.c4 c6 3.Nf3 Nf6 4.Nc3 e6 5.Bg5 Nbd7 6.e3 Qa5 7.cxd5 Nxd5 8.Qd2 Bb4
9.Rc1 h6 10.Bh4 b6 11.a3 Bxc3 12.bxc3 c5 13.c4 Qxd2+ 14.Nxd2 Ne7 15.f3 f5
16.Bd3 Bb7 17.O-O Kf7 18.Nb3 Rac8 19.a4 g5 20.Be1 Rhd8 21.Be2 Ba6 22.Kf2 cxd4
23.exd4 f4 24.c5 Bxe2 25.Kxe2 Nf5 26.Bf2 Nf6 27.g4 fxg3 28.hxg3 h5 29.Rfd1 g4
30.cxb6 axb6 31.Rxc8 Rxc8 32.Rc1 Ra8 33.Ra1 Nd5 34.fxg4 hxg4 35.Kd3 Rh8 36.Nd2 Rc8
37.Nc4 Nb4+ 38.Kc3 Nd5+ 39.Kb3 Kg6 40.Rh1 Kg7 41.Re1 Kf6 42.Rh1 Kg7 43.Re1 Kf6
44.Rh1 Kg7  1/2-1/2

[Event "16th ECC w"]
[Site "Rogaska Slatina SLO"]
[Date "2011.09.28"]
[Round "4.1"]
[White "Zhu Chen"]
[Black "Javakhishvili,L"]
[Result "0-1"]
[WhiteElo "2490"]
[BlackElo "2464"]

1.d4 d5 2.c4 c6 3.Nf3 Nf6 4.Nc3 e6 5.Bg5 dxc4 6.e4 b5 7.e5 h6 8.Bh4 g5 9.Nxg5 hxg5
10.Bxg5 Nbd7 11.g3 Rg8 12.h4 Rxg5 13.hxg5 Nd5 14.g6 fxg6 15.Qg4 Qe7 16.Bg2 Kd8
17.Qxg6 Qb4 18.O-O N7b6 19.Rab1 Qe7 20.Ne4 a5 21.Bh3 Qe8 22.Qh7 Rb8 23.Qh4+ Be7
24.Qh6 Bf8 25.Qg5+ Be7 26.Qh6 Bf8 27.Qg5+ Be7 28.Qg4 Kc7 29.Qg7 Bd7 30.Rfe1 Qh8
31.Qxh8 Rxh8 32.Kg2 Nb4 33.Rh1 N6d5 34.a3 Nd3 35.Bg4 Rg8 36.Be2 c5 37.Bxd3 Nf4+
38.Kf3 Nxd3 39.Rh7 Kd8 40.Ke3 Bc6 41.Nf6 cxd4+ 42.Kxd4 Bc5+ 43.Kc3 Rg5 44.a4 Bb4+
45.Kd4 Nxe5 46.axb5 Nf3+ 47.Ke3 Bd2+ 48.Ke2 Re5+ 49.Kf1 Bxb5 50.Kg2 Bc6 51.Kf1 Rb5
52.Ke2 c3 53.Kd3 cxb2 54.Kc2 Bc1 55.Rxc1 Nd4+ 56.Kb1 bxc1=Q+ 57.Kxc1 Rf5
58.Ng4 Rc5+ 59.Kd2 Nb3+ 60.Kd3 a4 61.Ra7 Kc8  0-1

[Event "16th ECC w"]
[Site "Rogaska Slatina SLO"]
[Date "2011.09.29"]
[Round "5.2"]
[White "Zaiatz,E"]
[Black "Zhu Chen"]
[Result "0-1"]
[WhiteElo "2441"]
[BlackElo "2490"]

1.d4 Nf6 2.c4 g6 3.Nc3 d5 4.Bg5 Ne4 5.Bh4 Nxc3 6.bxc3 Bg7 7.cxd5 Qxd5 8.Nf3 c5
9.e3 cxd4 10.cxd4 Nc6 11.Be2 O-O 12.O-O Bf5 13.Qa4 e5 14.dxe5 Nxe5 15.Rad1 Qe4
16.Rd4 Qc6 17.Qa3 Rac8 18.Ra4 a6 19.Nd4 Qd7 20.Nxf5 Qxf5 21.f4 Rc3 22.Qd6 Qd7
23.Qxd7 Nxd7 24.Kf2 Re8 25.Rc4 Rcxe3 26.Bf3 Ra3 27.Rd1 Rxa2+ 28.Kf1 b5 29.Rc6 Nf8
30.Bd5 Ra4 31.g3 Ne6 32.Rb6 h6 33.Bc6 Rf8 34.Be7 Rc8 35.Bd7 Rc7 36.Bxe6 Rxe7
37.Bc8 Ra7 38.Rd8+ Kh7 39.Rdd6 Bf8 40.Rdc6 Ra1+ 41.Kg2 Ra2+ 42.Kh3 a5 43.Rxb5 a4
44.f5 gxf5 45.Bxf5+ Kg7 46.Rbb6 Ra5 47.Bg4 a3 48.Ra6 Rxa6 49.Rxa6 Rd2  0-1

[Event "16th ECC w"]
[Site "Rogaska Slatina SLO"]
[Date "2011.09.30"]
[Round "6.1"]
[White "Cmilyte,V"]
[Black "Zhu Chen"]
[Result "1-0"]
[WhiteElo "2525"]
[BlackElo "2490"]

1.d4 d5 2.c4 c6 3.Nc3 Nf6 4.Nf3 dxc4 5.a4 Bf5 6.Nh4 e6 7.Nxf5 exf5 8.Bg5 h6
9.Bxf6 Qxf6 10.e3 Bd6 11.Bxc4 O-O 12.O-O Nd7 13.Qb3 Bc7 14.g3 Nb6 15.Bd3 a5
16.Rad1 Rfd8 17.Bb1 Rab8 18.Qc2 g6 19.Ba2 Bd6 20.Rfe1 Rd7 21.h4 h5 22.e4 fxe4
23.Rxe4 Qf5 24.Qe2 Nd5 25.Rd3 Rc7 26.Rf3 Qh3 27.Bb1 Kg7 28.Re5 Qg4 29.Rg5 Nxc3
30.bxc3 Re7 31.Qd3 Re1+ 32.Kg2 Qe6 33.c4 Rg8 34.d5 cxd5 35.cxd5 Qe8 36.Qc3+ Kh6
37.Qd2 Kg7 38.Qc3+ Kh6 39.Bd3 Bb4 40.Qd4 Bd2 41.Bb5 Qe4 42.Qxd2 Kg7 43.Qc3+ Kh6
44.Qf6  1-0

[Event "16th ECC w"]
[Site "Rogaska Slatina SLO"]
[Date "2011.10.01"]
[Round "7.3"]
[White "Zhu Chen"]
[Black "Chelushkina,I"]
[Result "1-0"]
[WhiteElo "2490"]
[BlackElo "2287"]

1.d4 Nf6 2.c4 g6 3.Nc3 Bg7 4.e4 d6 5.Bd3 Nc6 6.Nge2 O-O 7.O-O Nd7 8.Be3 e5
9.d5 Ne7 10.Qd2 f5 11.exf5 Nxf5 12.Bxf5 gxf5 13.f4 Nf6 14.h3 a6 15.Rae1 b5
16.Ng3 e4 17.c5 dxc5 18.Bxc5 Rf7 19.Rd1 h5 20.Qf2 h4 21.Nge2 Nd7 22.Bd4 b4
23.Na4 Qe7 24.Bxg7 Rxg7 25.Nd4 Nf8 26.Nc6 Qe8 27.Nc5 Bd7 28.Nxd7 Nxd7 29.Nxb4 Rg3
30.Rc1 a5 31.Nc6 e3 32.Qe2 Qf7 33.Rfd1 Re8 34.Rc3 Qg6 35.Nd4 Re4 36.Ne6 Nf8
37.Rxc7 Nxe6 38.dxe6 Rxe6 39.Rd8+ Re8 40.Qc4+ Kf8 41.Qc5+  1-0

[Event "Nalchik WGP 2011"]
[Site "Nalchik RUS"]
[Date "2011.10.09"]
[Round "1"]
[White "Zhu Chen"]
[Black "Kosteniuk,A"]
[Result "0-1"]
[WhiteElo "2490"]
[BlackElo "2469"]

1.d4 Nf6 2.c4 e6 3.g3 d5 4.Bg2 dxc4 5.Nf3 a6 6.Ne5 Bb4+ 7.Nc3 Nd5 8.Bd2 Nb6
9.e3 O-O 10.O-O f6 11.Nf3 a5 12.Ne4 Nc6 13.Bc3 Nd5 14.Nfd2 f5 15.Bxb4 axb4
16.Nc5 b6 17.e4 bxc5 18.exd5 Nxd4 19.Nf3 Nxf3+ 20.Bxf3 Ra6 21.dxe6 Bxe6 22.Re1 Rd6
23.Qc1 Qf6 24.Re2 Rd3 25.Bg2 Rfd8 26.Qe1 R8d6 27.Bf1 f4 28.Re4 R3d4 29.Rxd4 Qxd4
30.Qe2 Bf7 31.Rc1 h6 32.Qc2 fxg3 33.hxg3 Rg6 34.Kh2 Rf6 35.Kg1 Rf3 36.Bxc4  0-1

[Event "Nalchik WGP 2011"]
[Site "Nalchik RUS"]
[Date "2011.10.10"]
[Round "2"]
[White "Galliamova,A"]
[Black "Zhu Chen"]
[Result "1/2-1/2"]
[WhiteElo "2498"]
[BlackElo "2490"]

1.d4 d5 2.c4 c6 3.Nf3 Nf6 4.Nbd2 g6 5.g3 Bg7 6.Bg2 O-O 7.O-O Na6 8.b3 c5
9.Bb2 dxc4 10.Nxc4 Be6 11.Ng5 Bd5 12.e4 Bxc4 13.bxc4 Ne8 14.e5 e6 15.f4 h6
16.Ne4 f5 17.exf6 Nxf6 18.Nxc5 Nxc5 19.dxc5 Qc8 20.Ba3 Re8 21.Rb1 Rb8 22.Qd3 Kh7
23.Rfd1 e5 24.fxe5 Rxe5 25.Rf1 Qe8 26.Rb3 Rd8 27.Qf3 Rf5 28.Qxb7 Rd7 29.Qc6 Qe2
30.Rxf5 Rd1+ 31.Rf1 Ne4 32.Qxe4 Rxf1+ 33.Bxf1 Qxe4 34.Bb2 Bf8 35.Ba3 Bg7
36.Bb2 Bxb2 37.Rxb2 Qd4+ 38.Rf2 Qxc5 39.Kg2 Qc6+ 40.Kg1 Kg7 41.h4 a5 42.Kh2 Qc5
43.Rf3 Qd4 44.a3 Qb2+ 45.Kh3 Qc1 46.Kg2 Qc2+ 47.Kg1 Qe4 48.Kf2 Qc2+ 49.Be2 Qb2
50.Kf1 g5 51.hxg5 hxg5 52.g4 Qd4 53.Ke1 Qg1+ 54.Kd2 Qa1 55.Rc3 Qb2+ 56.Kd3 Qb1+
57.Kd2 Qb2+ 58.Kd3 Qb1+ 59.Kd2 Qb2+ 60.Kd3  1/2-1/2

[Event "Nalchik WGP 2011"]
[Site "Nalchik RUS"]
[Date "2011.10.11"]
[Round "3"]
[White "Zhu Chen"]
[Black "Munguntuul,B"]
[Result "1-0"]
[WhiteElo "2490"]
[BlackElo "2465"]

1.d4 d5 2.c4 c6 3.Nf3 Nf6 4.Qb3 dxc4 5.Qxc4 Bf5 6.g3 e6 7.Bg2 Nbd7 8.O-O Be7
9.e3 O-O 10.Rd1 Rc8 11.Qe2 c5 12.Nc3 Ne4 13.Ne1 Ndf6 14.Nb5 Qb6 15.f3 c4
16.a4 Nd6 17.Nxd6 Bxd6 18.e4 e5 19.a5 Qb5 20.dxe5 Qxe5 21.Bf4 Qc5+ 22.Be3 Qc7
23.exf5 Bb4 24.Bxa7 Rfe8 25.Qf2 Bxa5 26.Bd4 Nd5 27.Nc2 c3 28.Na3 cxb2 29.Bxb2 Ne3
30.Rdc1 Qb6 31.Rab1 Nxf5 32.Qxb6 Bxb6+ 33.Kh1 Rcd8 34.Nc4 Bc5 35.Bh3 Rd5
36.Re1 Rxe1+ 37.Rxe1 h5 38.Bxf5 Rxf5 39.Re5 Rxe5 40.Nxe5 f6 41.Nd3 Bd6 42.f4 Kf7
43.f5 g6 44.Nf4 h4 45.fxg6+ Kg7 46.Kg2 b5 47.Kf3 hxg3 48.hxg3 b4 49.Ke4 b3
50.Kf5 Be5 51.Bxe5 fxe5 52.Nd3  1-0

[Event "Nalchik WGP 2011"]
[Site "Nalchik RUS"]
[Date "2011.10.12"]
[Round "4"]
[White "Lahno,Kateri"]
[Black "Zhu Chen"]
[Result "1/2-1/2"]
[WhiteElo "2554"]
[BlackElo "2490"]

1.c4 c5 2.Nf3 Nc6 3.d4 cxd4 4.Nxd4 e6 5.g3 Qb6 6.Nb3 Ne5 7.e4 Nf6 8.Qe2 a5
9.Bf4 Bb4+ 10.N1d2 a4 11.Bxe5 axb3 12.a3 Bxd2+ 13.Kxd2 d6 14.Bxf6 gxf6 15.Rd1 Bd7
16.Qe3 Qxe3+ 17.Kxe3 Ke7 18.Be2 Rhc8 19.Rd2 Rc5 20.f4 Ba4 21.g4 Rac8 22.Rg1 b5
23.cxb5 Bxb5 24.Bd1 Rc1 25.Rgg2 Ba4 26.Rd4 e5 27.fxe5 fxe5 28.Rxa4 Rxd1 29.Ra7+ Ke6
30.Rf2 Rc2 31.Rfxf7 Re1+ 32.Kd3 Rd1+ 33.Ke3 Re1+  1/2-1/2

[Event "Nalchik WGP 2011"]
[Site "Nalchik RUS"]
[Date "2011.10.15"]
[Round "6"]
[White "Zhu Chen"]
[Black "Zhao Xue"]
[Result "0-1"]
[WhiteElo "2490"]
[BlackElo "2497"]

1.d4 Nf6 2.c4 e6 3.Nc3 Bb4 4.Qc2 O-O 5.a3 Bxc3+ 6.Qxc3 d6 7.f3 d5 8.Nh3 c5
9.dxc5 d4 10.Qc2 e5 11.Nf2 a5 12.e4 Be6 13.Rb1 a4 14.Bd2 Nfd7 15.Bb4 Nc6
16.Be2 Qe7 17.Nd3 Qh4+ 18.Nf2 f5 19.Bd3 f4 20.Be2 Qg5 21.Bf1 Rfc8 22.Rc1 Qe7
23.Nd3 Nxb4 24.axb4 b6 25.Be2 bxc5 26.b5 Qh4+ 27.Nf2 Rf8 28.Ra1 Nb6 29.Bd3 Qg5
30.Kf1 Kh8 31.h3 h5 32.Rg1 Qe7 33.Ke2 Qf7 34.Rgc1 g5 35.Kd2 Kg7 36.Be2 Kf6
37.Qd3 Rfd8 38.Ke1 Qg8 39.Rc2 Rd7 40.Rac1 Rg7 41.Qa3 Rc8 42.Kd2 d3 43.Bxd3 Rd7
44.Ke1 g4 45.fxg4 hxg4 46.hxg4 Bxg4 47.Bf1 Be6 48.Qf3 Rcd8 49.Qa3 Rc7 50.b4 axb3
51.Qxb3 Ra7 52.Rc3 Ra4 53.g3 Rb4 54.Qa2 Qg5 55.Qa7 fxg3 56.Ng4+ Bxg4 57.Qxb6+ Kg7
58.Qa7+ Rd7 59.Qa2 Qf4 60.Bg2 Rb3  0-1

[Event "Nalchik WGP 2011"]
[Site "Nalchik RUS"]
[Date "2011.10.16"]
[Round "7"]
[White "Kosintseva,N"]
[Black "Zhu Chen"]
[Result "1/2-1/2"]
[WhiteElo "2560"]
[BlackElo "2490"]

1.e4 c5 2.Nf3 d6 3.d4 cxd4 4.Nxd4 Nf6 5.Nc3 a6 6.Be3 e5 7.Nf3 Nc6 8.Bc4 Be6
9.Bb3 h6 10.O-O Be7 11.Nd5 Bxd5 12.Bxd5 O-O 13.c3 Qc7 14.Qd3 Na5 15.Rad1 Rac8
16.Bc1 Rfd8 17.Ne1 Nc4 18.Nc2 Nxd5 19.Qxd5 Bg5 20.Bxg5 hxg5 21.Rb1 Qc5 22.Rfd1 Qxd5
23.Rxd5 b5 24.Rd3 a5 25.b3 Nb6 26.Ne3 Rc5 27.Rbd1 Nc8 28.Kf1 Rd7 29.Ke2 f6
30.c4 bxc4 31.Nxc4 a4 32.Rd5 Rxd5 33.Rxd5 axb3 34.axb3 Rb7 35.Rd3 Kf7 36.Kd2 Ke6
37.Kc3 g6 38.f3 Rb5 39.b4 f5 40.Rd2 g4 41.h3 gxf3 42.gxf3 Rb7 43.h4 fxe4
44.fxe4 Rh7 45.b5 Rxh4 46.b6 Nxb6 47.Rxd6+ Ke7 48.Rxb6 Rxe4 49.Rxg6 Kf7 50.Rc6 Ke7
51.Kd3 Re1 52.Ne3 Kd7 53.Ra6 Ke7 54.Nc2 Rc1 55.Nb4 Re1 56.Nd5+ Kd7 57.Nf6+ Ke7
58.Kc4 Rd1 59.Kc5 Kf7 60.Nd5 Re1 61.Kd6 Kg6 62.Ke6 Kg5 63.Ra4 e4 64.Ke5 e3
65.Nf6 Rb1 66.Rg4+ Kh6 67.Rg2 Rb5+ 68.Nd5 Ra5 69.Re2 Kg5 70.Rxe3 Kg4 71.Rc3 Kh4
72.Ke4 Kg4 73.Rc8 Ra4+ 74.Ke5 Ra5 75.Rf8 Kg3 76.Ke4 Ra4+ 77.Kd3 Ra3+ 78.Nc3 Kg4
79.Kd4 Ra7 80.Nd5 Ra4+ 81.Ke5 Ra5 82.Rf4+ Kg3 83.Rd4 Ra8 84.Rd3+ Kf2 85.Nf4 Re8+
86.Ne6 Ke2 87.Ra3 Kd2 88.Kd5 Rh8 89.Nf4 Rd8+ 90.Ke4 Re8+ 91.Kd4 Rd8+ 92.Nd5 Ke2
93.Re3+ Kf2 94.Re7 Kf3 95.Rf7+ Kg3 96.Ke4 Re8+ 97.Ne7 Kg2 98.Ke3 Ra8 99.Rg7+ Kf1
100.Nf5 Re8+ 101.Kf3 Rf8 102.Rg5 Ke1 103.Ke3  1/2-1/2

[Event "Nalchik WGP 2011"]
[Site "Nalchik RUS"]
[Date "2011.10.17"]
[Round "8"]
[White "Zhu Chen"]
[Black "Stefanova,A"]
[Result "1-0"]
[WhiteElo "2490"]
[BlackElo "2528"]

1.d4 d5 2.c4 c6 3.Nf3 Nf6 4.Qb3 e6 5.g3 b6 6.Bg2 Ba6 7.cxd5 cxd5 8.Nc3 Be7
9.Bf4 O-O 10.Rc1 Bb7 11.Ne5 Nfd7 12.e4 Nxe5 13.dxe5 d4 14.Nb5 Nd7 15.O-O g5
16.Bd2 Nxe5 17.f4 Nd7 18.Nxd4 Nf6 19.Be3 gxf4 20.gxf4 Qe8 21.f5 Ng4 22.fxe6 Nxe3
23.Qxe3 fxe6 24.Rxf8+ Bxf8 25.Rc7 Rb8 26.Qg5+ Qg6 27.Qe5 Rd8 28.Qxe6+ Qxe6
29.Nxe6 Rd1+ 30.Kf2 Rd2+ 31.Kf3 Bxe4+ 32.Kxe4 Rxg2 33.Rc8 Kf7 34.Nxf8 Rxh2
35.b3 h5 36.Nd7 Rxa2 37.Ne5+ Kf6 38.Rf8+ Ke6 39.Nf3 Rb2 40.Nd4+ Kd6 41.Rf6+ Ke7
42.Rh6 Ra2 43.Rxh5 Kd6 44.Kd3 Ra1 45.Kc3 a6 46.Nc2 Rg1 47.Ne3 Rg3 48.Kd4 Kc6
49.Re5 Rh3 50.Kc4 Rh4+ 51.Kc3 Rh3 52.Kb2 Rh6 53.Ka3 Rg6 54.Rh5 Re6 55.Nc2 Re7
56.Nb4+ Kb7 57.Rh6 Rd7 58.Na2 Rc7 59.Kb2 a5 60.Nc3 Rc5 61.Na4 Rb5 62.Ka3 Ka6
63.Nb2 Rb4 64.Nc4 Kb7 65.Rg6 Ka6 66.Nd6 Ka7 67.Rg7+ Ka6 68.Rg8 Ka7 69.Rc8 Rh4
70.Rc6 Rh5 71.Ka4 Rg5 72.Rc8 Rg4+ 73.Rc4 Rg5 74.Rc7+ Ka6 75.Nc8 Rg4+ 76.Ka3 Rg6
77.Ra7+ Kb5 78.Rd7 Rg8 79.Na7+ Ka6 80.Nc6 Kb5 81.Ne5 Rg5 82.Re7 Rh5 83.Re6 Ka6
84.Kb2 Rh2+ 85.Kc3 Re2 86.Kd4 Kb5 87.Rh6 a4 88.Nc4 axb3 89.Rxb6+ Ka4 90.Kc5 Re5+
91.Nxe5 b2 92.Rxb2  1-0

[Event "Nalchik WGP 2011"]
[Site "Nalchik RUS"]
[Date "2011.10.19"]
[Round "9"]
[White "Kosintseva,T"]
[Black "Zhu Chen"]
[Result "1/2-1/2"]
[WhiteElo "2536"]
[BlackElo "2490"]

1.e4 e6 2.d4 d5 3.Nc3 Nf6 4.e5 Nfd7 5.f4 c5 6.Nf3 Nc6 7.Be3 cxd4 8.Nxd4 Bc5
9.Qd2 O-O 10.O-O-O Bxd4 11.Bxd4 Qa5 12.Kb1 Rb8 13.Qf2 b5 14.Bd3 Nxd4 15.Qxd4 b4
16.Ne2 Qc5 17.Rc1 f6 18.exf6 Rxf6 19.c3 bxc3 20.Rxc3 Qb6 21.Rc2 Ba6 22.Qxb6 Rxb6
23.Bxa6 Rxa6 24.Rc7 Rf7 25.Rhc1 e5 26.fxe5 Nxe5 27.Rc8+ Rf8 28.Rxf8+ Kxf8
29.Nf4 d4 30.Re1 Ng4 31.Ne6+ Kf7 32.Nxd4 Nxh2 33.b4 Rd6 34.Re4 g5 35.Kc2 h5
36.b5 a6 37.a4 axb5 38.axb5 Ng4 39.Kc3 Nf6 40.Re2 h4 41.Kc4 Nd7 42.Nf3 Kf6
43.Re4 Kf5 44.Re7 Kf4 45.Nd4 Nb6+ 46.Kc5 Rd5+ 47.Kxb6 Rxd4 48.Re2 Kg3  1/2-1/2

[Event "Nalchik WGP 2011"]
[Site "Nalchik RUS"]
[Date "2011.10.20"]
[Round "10"]
[White "Zhu Chen"]
[Black "Ju Wenjun"]
[Result "0-1"]
[WhiteElo "2490"]
[BlackElo "2536"]

1.d4 Nf6 2.c4 g6 3.Nc3 Bg7 4.e4 d6 5.Nge2 O-O 6.Ng3 c6 7.Be2 a6 8.Be3 b5
9.O-O Nbd7 10.c5 dxc5 11.dxc5 e5 12.a4 b4 13.Nb1 Ne8 14.Qc1 Nc7 15.Bc4 Kh8
16.Nd2 f5 17.exf5 gxf5 18.f4 exf4 19.Rxf4 Nf6 20.Bd4 Ncd5 21.Rxf5 Bxf5 22.Nxf5 Ne7
23.Nd6 Nc8 24.Nf5 Ne8 25.Bxg7+ Nxg7 26.Nxg7 Qd4+ 27.Kh1 Qxg7 28.Nf3 Ne7 29.a5 Ng6
30.Qd2 Nf4 31.Rg1 Rad8 32.Qxb4 Rb8 33.Qa3 Rxb2 34.Bf1 Rf2 35.Bxa6 Rxg2 36.Bf1 Rxg1+
37.Nxg1 Ne6 38.Bh3 Qd4 39.Bg2 Nxc5 40.a6 Rg8 41.Ne2 Qd1+ 42.Ng1 Nd3 43.Qc3+ Rg7
44.Qf6 Qg4 45.Qf8+ Rg8 46.Qf1 Nb4 47.a7 Qg7 48.Qf2 Nd3 49.Qa2 Ra8 50.Bxc6 Rxa7
51.Qe2 Qd4 52.Qe8+ Kg7 53.Bf3 Ne5 54.Qh5 Qf4 55.Bd5 Rd7 56.Bg2 Rd2 57.Qe8 Qg5
58.Qa8 Ng4 59.Qb7+ Kh6 60.Qc6+ Qg6 61.Qxg6+ Kxg6 62.h3 Nf6 63.Nf3 Ra2 64.Kh2 Kf5
65.Nd4+ Ke5 66.Nc6+ Kf4 67.Nd4 Nd5 68.Kg1 Ne3 69.Bf1 Ra1  0-1

[Event "Nalchik WGP 2011"]
[Site "Nalchik RUS"]
[Date "2011.10.21"]
[Round "11"]
[White "Cmilyte,V"]
[Black "Zhu Chen"]
[Result "1/2-1/2"]
[WhiteElo "2525"]
[BlackElo "2490"]

1.d4 d5 2.c4 c6 3.Nf3 Nf6 4.Nc3 dxc4 5.a4 e6 6.Bg5 Bb4 7.e4 Bxc3+ 8.bxc3 Qa5
9.e5 Ne4 10.Bd2 c5 11.Bxc4 cxd4 12.cxd4 Nxd2 13.Qxd2 Nc6 14.Bb5 Bd7 15.Rc1 Qxd2+
16.Kxd2 Ke7 17.Rc5 a6 18.Bd3 b6 19.Rc3 Nb4 20.Rc7 Nd5 21.Rb7 Rhb8 22.Rxb8 Rxb8
23.Bxa6 Bxa4 24.Bc4 Nf4 25.Ra1 Bc6 26.g3 Bxf3 27.gxf4 b5 28.Ra7+ Kf8 29.Bb3 g6
30.Rd7 b4 31.Rc7 Be4 32.Rc5 Rb6 33.Rc8+ Kg7 34.Rc7 Bg2 35.Rc5 Rb7 36.Ke2 Ra7
37.Rb5 Ra1 38.Rxb4 Rb1 39.f3 Rb2+ 40.Ke3 Bf1 41.f5 gxf5 42.Kf4 Bd3 43.d5 exd5
44.Rb7 Ba6 45.Ra7 Rxb3 46.Rxa6 Rb2 47.Rd6 Rxh2 48.Rxd5 Rh5 49.Rd7 Kf8 50.Ra7 h6
51.Ra8+ Kg7 52.Ra7 Kf8 53.Ra8+ Kg7 54.Ra7 Kf8  1/2-1/2

[Event "Arab Games Blitz Women"]
[Site "Doha QAT"]
[Date "2011.12.10"]
[Round "2"]
[White "Zhu Chen"]
[Black "Elamri,L"]
[Result "1-0"]
[WhiteElo "2471"]
[BlackElo "1910"]

1.d4 Nf6 2.c4 g6 3.Nc3 Bg7 4.e4 d6 5.Nge2 O-O 6.Ng3 Nbd7 7.Be2 e5 8.d5 a5
9.O-O Nc5 10.b3 Ne8 11.Qc2 f5 12.exf5 gxf5 13.f4 e4 14.Be3 Na6 15.a3 Qf6
16.Rac1 Qh4 17.Nb5 Nf6 18.Qd1 Bd7 19.Nd4 Rae8 20.Ndxf5 Nb8 21.Ra1 Nxd5 22.cxd5  1-0

[Event "Arab Games Blitz Women"]
[Site "Doha QAT"]
[Date "2011.12.10"]
[Round "4"]
[White "Zhu Chen"]
[Black "Iman,H"]
[Result "1-0"]
[WhiteElo "2471"]
[BlackElo "2155"]

1.d4 d5 2.c4 e6 3.Nc3 Nf6 4.cxd5 exd5 5.Bg5 Be7 6.e3 c6 7.Bd3 O-O 8.Qc2 Nbd7
9.Nge2 Re8 10.h3 Nf8 11.Bf4 Bd6 12.O-O-O Bxf4 13.Nxf4 Ng6 14.Nxg6 hxg6 15.Kb1 Be6
16.g4 Qd7 17.f3 Rac8 18.h4 c5 19.dxc5 a6 20.Na4 Qc6 21.Rc1 Nd7 22.h5 Ne5
23.Nb6 Qxb6 24.cxb6 Rxc2 25.Bxc2 Nxf3 26.hxg6 Bxg4 27.gxf7+ Kxf7 28.Ka1 Rxe3
29.Bb3 Be6 30.Rc7+ Kf6 31.Rxb7 Nd2 32.Bc2 d4 33.Rc7 Nc4 34.Rf1+ Ke5 35.b7 d3
36.Bxd3 Rxd3 37.b8=Q Kd5  1-0

[Event "Arab Games Blitz Women"]
[Site "Doha QAT"]
[Date "2011.12.10"]
[Round "5"]
[White "Mezioud,A"]
[Black "Zhu Chen"]
[Result "0-1"]
[WhiteElo "2065"]
[BlackElo "2471"]

1.e4 c5 2.c3 Nf6 3.e5 Nd5 4.d4 cxd4 5.cxd4 e6 6.Bc4 Nb6 7.Bb3 d6 8.exd6 Bxd6
9.Nf3 O-O 10.O-O Nc6 11.Nc3 Nb4 12.Nb5 Be7 13.a4 Bd7 14.Nc3 Bc6 15.Ne5 Bd5
16.Nxd5 N6xd5 17.Bd2 Rc8 18.Nc4 Bf6 19.Qg4 Nc6 20.Be3 Qe7 21.Rfe1 Qb4 22.Ba2 Rfd8
23.Bd2 Qe7 24.Ne5 Bxe5 25.dxe5 Rd7 26.Bg5 Qb4 27.Qg3 Kh8 28.b3 Nd4 29.Bb1 Qxe1+  0-1

[Event "Arab Games Blitz Women"]
[Site "Doha QAT"]
[Date "2011.12.10"]
[Round "6"]
[White "Zhu Chen"]
[Black "Alattar,G"]
[Result "1-0"]
[WhiteElo "2471"]
[BlackElo "1850"]

1.d4 d5 2.c4 e5 3.dxe5 d4 4.Bf4 Nc6 5.Nf3 Nge7 6.Nbd2 Ng6 7.Bg3 Bg4 8.a3 a5
9.h3 Bxf3 10.Nxf3 Bc5 11.Qb3 Rb8 12.Qb5 Qe7 13.e6 fxe6 14.Bxc7 Rc8 15.Bxa5 O-O
16.Bd2 Rf5 17.g4 Rf7 18.b4 Bd6 19.c5 Bf4 20.Rd1 e5 21.Bxf4 Nxf4 22.Qc4 Kh8
23.Ng5 Rf6 24.Ne4 Rff8 25.Qb3 Rcd8 26.h4 Qd7 27.Rg1 Nd5 28.Bh3 Qf7 29.Rg3 Nf4
30.Qxf7 Rxf7 31.Nd6 Rfd7 32.Ne4 Ne7 33.g5 Nxh3 34.Rxh3 Nf5 35.Rb3 Nxh4 36.b5 Ng2+
37.Kd2 Nf4 38.Rc1 d3 39.e3 Nh3 40.c6 bxc6 41.bxc6 Rc7 42.Rb7 Rcc8 43.c7 Re8
44.Nd6 Nxf2 45.Nxe8 Rxe8 46.c8=Q  1-0

[Event "Arab Games Blitz Women"]
[Site "Doha QAT"]
[Date "2011.12.10"]
[Round "9"]
[White "Mona,K"]
[Black "Zhu Chen"]
[Result "0-1"]
[WhiteElo "2109"]
[BlackElo "2471"]

1.d4 d5 2.c4 c6 3.Nf3 Nf6 4.Qc2 dxc4 5.e4 b5 6.a4 e6 7.axb5 cxb5 8.b3 Bb7
9.e5 Be4 10.Qb2 Nd5 11.bxc4 bxc4 12.Bxc4 Bxf3 13.gxf3 Bb4+ 14.Bd2 Bxd2+ 15.Nxd2 O-O
16.Rg1 Nc6 17.Ne4 Kh8 18.Qd2 Ndb4 19.Nd6 Nxd4 20.Qf4 Ndc2+ 21.Kf1 Nxa1 22.Qg4 g6
23.Rg3 Qe7 24.Ne4 Nd5 25.Rh3 f5 26.exf6 Nxf6 27.Qh4 Rac8 28.Ng5 Nh5 29.Qd4+ e5
30.Qd5 Qxg5 31.Rg3 Nxg3+ 32.hxg3 Rfd8 33.Qe6 Re8 34.Qd5 Rf8 35.Qe6  0-1

[Event "Arab Games Rapid Women"]
[Site "Doha QAT"]
[Date "2011.12.11"]
[Round "2"]
[White "Zhu Chen"]
[Black "Boshra,Alshaeby"]
[Result "1-0"]
[WhiteElo "2471"]
[BlackElo "1884"]

1.d4 Nf6 2.c4 c5 3.d5 d6 4.Nc3 g6 5.e4 Bg7 6.Nge2 O-O 7.Ng3 Na6 8.Be2 Nc7
9.O-O a6 10.a4 Rb8 11.a5 Bd7 12.Kh1 b5 13.axb6 Rxb6 14.f4 h5 15.e5 dxe5 16.fxe5 Ng4
17.Bxg4 Bxg4 18.Qe1 h4 19.Nge4 Bxe5 20.Qxh4 Bc8 21.Ng5  1-0

[Event "Arab Games Rapid Women"]
[Site "Doha QAT"]
[Date "2011.12.11"]
[Round "3"]
[White "Fuad,N"]
[Black "Zhu Chen"]
[Result "0-1"]
[WhiteElo "1952"]
[BlackElo "2471"]

1.e4 c5 2.Nf3 d6 3.d4 cxd4 4.Nxd4 Nf6 5.Nc3 a6 6.Be2 e5 7.Nb3 Be7 8.O-O O-O
9.a4 b6 10.f4 Bb7 11.Bf3 Nbd7 12.Be3 Rc8 13.Qe2 Qc7 14.Qf2 b5 15.axb5 axb5
16.Rac1 b4 17.Nd5 Nxd5 18.exd5 f5 19.fxe5 dxe5 20.c4 bxc3 21.Rxc3 Qd6 22.Rfc1 Rxc3
23.Rxc3 e4 24.Be2 f4 25.Bd4 Bxd5 26.Nc5 e3 27.Qf1 Ne5 28.Bxe5 Qxe5 29.Nd7 Qg5
30.Nxf8 Kxf8 31.Rc8+ Kf7 32.Bc4 Bxc4 33.Qxc4+ Kg6 34.Qe6+ Bf6 35.Qe4+ Kh6
36.Rh8 g6 37.Rf8 Qc5 38.Qxf4+ Bg5 39.Qf3 e2+  0-1